Fundamentals of building construction (Record no. 63333)

MARC details
000 -LEADER
fixed length control field 00656nam a2200157 a 4500
008 - FIXED-LENGTH DATA ELEMENTS--GENERAL INFORMATION
fixed length control field 120416s1988 xx |||||||||||||| || u
050 ## - LIBRARY OF CONGRESS CALL NUMBER
Classification number TA 146 Ahu
100 ## - MAIN ENTRY--PERSONAL NAME
Personal name Ahuja, T. D
245 10 - TITLE STATEMENT
Title Fundamentals of building construction
250 ## - EDITION STATEMENT
Edition statement 3rd ed.
260 ## - PUBLICATION, DISTRIBUTION, ETC.
Place of publication, distribution, etc.
Name of publisher, distributor, etc. Dhapat Rai
Date of publication, distribution, etc. 1988
300 ## - PHYSICAL DESCRIPTION
Extent xviii, 735p. : ill.
350 ## -
-- 0.00
995 ## -
-- MAIN LIBRARY OPEN ACCESS
-- 0.00
-- 724336
-- CBU-MAIN LIBRARY (Kitwe)
-- 2
-- 50.00
-- TA 146 Ahu
-- 2
-- LOST
-- Mar 7, 2013
-- 024622
-- Main Library Open Access Collection
995 ## -
-- BINDERY (DAMAGED)
-- 0.00
-- 724335
-- CBU-MAIN LIBRARY (Kitwe)
-- 1
-- 50.00
-- TH 146 Ahu
-- 1
-- DAMAGED
-- 024620
-- Main Library Open Access Collection
999 ## -
-- 63333
-- 63333
Holdings
Withdrawn status Lost status Source of classification or shelving scheme Damaged status Not for loan Permanent Location Current Location Shelving location Date acquired Total Checkouts Full call number Barcode Date last seen Price effective from Koha item type
          CBU-MAIN LIBRARY, KITWE. CBU-MAIN LIBRARY, KITWE.   12/24/2022   TA 146 Ahu 024622 12/24/2022 12/24/2022 MONOGRAPH
          CBU-MAIN LIBRARY, KITWE. CBU-MAIN LIBRARY, KITWE.   12/24/2022   TA 146 Ahu 024620 12/24/2022 12/24/2022 MONOGRAPH